| 000 -CABECERA |
| Longitud fija campo de control |
00743nam a2200217 i 4500 |
| 003 - IDENTIFICADOR DEL NÚMERO DE CONTROL |
| Identificador del número de control |
OSt |
| 005 - FECHA Y HORA DE LA ÚLTIMA TRANSACCIÓN |
| Fecha y hora de la última transacción |
20210715154655.0 |
| 008 - CÓDIGOS DE INFORMACIÓN DE LONGITUD FIJA |
| Códigos de información de longitud fija |
201112s2007 fr o 000 0 fre d |
| 020 ## - NÚMERO INTERNACIONAL NORMALIZADO PARA LIBROS |
| Número Internacional Normalizado para Libros (ISBN) |
9782915536614 |
| 040 ## - FUENTE DE LA CATALOGACIÓN |
| Lengua de catalogación |
cat |
| Centro transcriptor |
CDMR |
| 100 1# - PUNTO DE ACCESO PRINCIPAL-NOMBRE DE PERSONA |
| Nombre de persona |
Arthus-Bertrand, Yann |
| 245 10 - MENCIÓN DE TÍTULO |
| Título |
100 nouvelles photos de Yann Arthus-Bertrand pour la liberté de la presse |
| 246 30 - VARIANTES DE TÍTULO |
| Título propio / Título en breve |
Cent nouvelles photos de Yann Arthus-Bertrand pour la liberté de la presse |
| 260 ## - PUBLICACIÓN, DISTRIBUCIÓN, ETC. (PIE DE IMPRENTA) |
| Lugar de publicación, distribución, etc. |
Paris : |
| Nombre del editor, distribuidor, etc. |
Reporters sans frontières, |
| Fecha de publicación, distribución, etc. |
2007 |
| 300 ## - DESCRIPCIÓN FÍSICA |
| Extensión |
144 p. : |
| Otras características físicas |
fotos ; |
| Dimensiones |
29 cm |
| 490 0# - MENCIÓN DE SERIE |
| Mención de serie |
Pour la liberté de presse |
| 650 #0 - PUNTO DE ACCESO ADICIONAL DE MATERIA - TÉRMINO DE MATERIA |
| Término de materia o nombre geográfico como elemento inicial |
Llibertat d'informació |
| 9 (RLIN) |
1574 |
| 650 #0 - PUNTO DE ACCESO ADICIONAL DE MATERIA - TÉRMINO DE MATERIA |
| Término de materia o nombre geográfico como elemento inicial |
Fotografia documental |
| 9 (RLIN) |
3095 |
| 710 2# - PUNTO DE ACCESO ADICIONAL - NOMBRE DE ENTIDAD |
| Nombre de entidad o nombre de jurisdicción como elemento inicial |
Reporters Sans Frontières |
| Término indicativo de función |
ed |
| 9 (RLIN) |
1923 |
| 942 ## - ENTRADA DE ELEMENTOS AGREGADOS (KOHA) |
| Fuente de clasificaión o esquema |
|
| Koha [por defecto] tipo de item |
Monografies |